Dalla città alla regione - Statistics

Statistiche generali
  • Questo quiz è stato fatto 106 volte
  • Il punteggio medio è 19 su 20
Statistiche sulle risposte
Hint Risposta % Corretto
Savona Liguria
100%
Siena Toscana
100%
Modena Emilia-Romagna
99%
Bolzano Trentino-Alto Adige
99%
Sassari Sardegna
98%
Catania Sicilia
98%
Cremona Lombardia
96%
Potenza Basilicata
95%
Udine Friuli-Venezia Giulia
95%
Viterbo Lazio
95%
Courmayeur Valle d'Aosta
95%
Padova Veneto
95%
Cosenza Calabria
94%
Avellino Campania
94%
Perugia Umbria
94%
Ascoli Piceno Marche
93%
Novara Piemonte
93%
Trani Puglia
93%
Isernia Molise
92%
Pescara Abruzzo
89%
Nessun quiz corrispondente trovato
Distribuzione punteggi
Percentuale di utenti per punteggio
Percentile per numero di risposta
I tuoi punteggi nel tempo
Non hai fatto questo quiz